Dialéctica del desarrollo: diagnóstico de la crisis del Brasil
Saved in:
| Hovedforfatter: | |
|---|---|
| Format: | Bog |
| Sprog: | spansk |
| Udgivet: |
Ciudad de México
Fondo de Cultura Económica
1965
|
| Serier: | Sección de obras de economía
|
| Fag: | |
| Tags: |
Tilføj Tag
Ingen Tags, Vær først til at tagge denne postø!
|
MARC
| LEADER | 00000nam a2200000 a 4500 | ||
|---|---|---|---|
| 001 | UCX4649 | ||
| 003 | CL-VaPUC | ||
| 008 | 920701e19650000MX |||||||||||||||||spa|d | ||
| 082 | 0 | 4 | |a 330.981 |b FUR |2 21 |
| 100 | 0 | |a Furtado, Celso |e author |9 320890 | |
| 245 | 1 | 0 | |a Dialéctica del desarrollo: diagnóstico de la crisis del Brasil |
| 300 | |a 158 p | ||
| 942 | |c BK | ||
| 945 | |d 19920701 00:00:00 | ||
| 260 | |a Ciudad de México |b Fondo de Cultura Económica |c 1965 | ||
| 650 | 0 | |a Desarrollo económico |9 259599 | |
| 650 | 0 | |a Condiciones económicas |9 258255 | |
| 650 | 0 | |a Condiciones sociales |9 257278 | |
| 651 | 0 | |a Brasil |9 267393 | |
| 583 | |a last modification |c 19920701 00:00:00 |k Rodrigo Vera | ||
| 490 | 0 | |a Sección de obras de economía | |
| 999 | |c 225063 |d 225061 | ||
| 952 | |0 0 |1 0 |4 0 |6 330_981000000000000_FUR_1965 |7 0 |8 A |9 222241 |a BIBHIS |b BIBHIS |d 2019-11-15 |i 2910845 |o 330.981 FUR 1965 |p 2910845 |r 2025-01-20 |w 2019-11-15 |y BK |k HIS | ||